A de Alice (Registo nº 6017)

Detalhes MARC
000 -Etiqueta do registo
Valores 00665nam a2200217 4500
010 ## - Número ISBN
ISBN 9788447108596
100 ## - Dados gerais de processamento
Dados gerais 20250925d2001 a y0pory5003 ba
200 1# - Titulo e menção de responsabilidade
Título próprio A de Alice
Primeira menção de responsabilidade Dominique Foufelle
Outras menções de responsabilidade il. Fabienne Gallois ; trad. Teresa Serrano
210 ## - Publicação
Local de publicação [S.l.]
Nome do editor Salvat
Data de publicação 2001
215 ## - Descrição física 
Paginação / Volumes [28] p.
Outras indicações físicas muito il. color.
225 1# - Colecção 
Título próprio da colecção Os meus primeiros passos na leitura
606 ## - Nome comum usado como assunto
ID Autoridade 29
Palavra de ordem Publicação para crianças
675 ## - CDU
Notação 087.5
Edição PT
Língua por
700 ## - Autor principal (pessoa individual)
Apelido Foufelle
Nome Dominique
ID Autoridade 3732
702 ## - Autor secundário (pessoa individual)
Apelido Gallois
Nome Fabienne
ID Autoridade 3733
702 ## - Autor secundário (pessoa individual)
Apelido Serrano
Nome Teresa
ID Autoridade 3402
801 #0 - Fonte de origem
País PT
Agência BEN2VN
Regras de catalogação RPC
830 ## - Notas gerais do catalogador
Criado por Tânia Croca
Data de criação 25/09/2025
990 ## - Elementos KOHA
Tipo de documento Livro
Exemplares
Situação do levantamento Biblioteca de origem Código de barras Cota Permissão de empréstimo Tipo de documento Forma de aquisição
  Biblioteca Escola Nº2 Vendas Novas 100000016102 LI EST/FOU   Livro  

Powered by Koha